000 00515nam a22001817a 4500
003 OSt
005 20260701114949.0
008 260701b |||||||| |||| 00| 0 eng d
020 _a13978035009797
040 _cCHUKA UNIVERSITY LIBRARY
050 _aLB 1529 .C35 2020
100 _aCALKINS LUCY
_927666
245 _aRESOURCES FOR TEACHING WRITING
260 _aFIRSTHAND
_bHEINEMANN
_c2020
650 _aLANGUAGE ARTS
_918723
650 _aWRITING---- STUDY AND TEACHING(elementary)
_932296
942 _2lcc
_cBK
_n0
999 _c25755
_d25755